| 000 | 00528nam a2200181 i 4500 | ||
|---|---|---|---|
| 001 | 74927 | ||
| 003 | ES-MaACL | ||
| 005 | 20230906172305.0 | ||
| 007 | t| | ||
| 008 | 040921s1973 sp ||||1| spa d | ||
| 080 | _a821.134.2-31"19" | ||
| 100 | 1 |
_aGonzález del Valle, Máximo. _958595 |
|
| 245 | 1 | 3 |
_aLa revolución de un cura / _cMáximo González del Valle. |
| 260 |
_a[Palencia : _bs.n.], _c1973 ( _fMerino) |
||
| 300 |
_a248 p. ; _c22 cm. |
||
| 852 |
_aES-MaACL _jC-53898 _bR.86630 |
||
| 852 |
_aES-MaACL _jE-6642 _bR.91274 |
||
| 999 |
_c74927 _d74927 |
||